| 000 | 00443nam a2200157 i 4500 | ||
|---|---|---|---|
| 001 | 75759 | ||
| 003 | ES-MaACL | ||
| 005 | 20230906172603.0 | ||
| 007 | t| | ||
| 008 | 040927s1935 ag ||||1| spa d | ||
| 100 | 1 |
_aGrau, Patricio. _959739 |
|
| 245 | 1 | 0 |
_aContribución al tema de la teorética pura / _cPatricio Grau. |
| 260 |
_aBuenos Aires : _bVizu y Zona, _c1935 ( _fMercatali) |
||
| 300 |
_a279 p. ; _c24 cm. |
||
| 852 |
_aES-MaACL _jA-4134 |
||
| 999 |
_c75759 _d75759 |
||